00390nam a2200157Ia 4500003000400000008004100004040001600045082001300061100001700074245003500091260003500126300001000161490002400171650001500195650002200210GCL140319s9999 xx 000 0 eng d aGCL / cGCL04a843bO L1 aORIEUX, JEAN10aL'OIGLE DEFER / cORIEUX, JEAN a[S.N] : bFLAMMARION ، c1972 a350 P aCOLLECTION FOLIOv004aLITERATURE04aFRENCH LITERATURE